Las penas del joven Werthe / (Registro nro. 7066)
[ vista simple ]
| 000 -LEADER | |
|---|---|
| fixed length control field | 01130nam a22002777a 4500 |
| 003 - CONTROL NUMBER IDENTIFIER | |
| control field | OSt |
| 005 - DATE AND TIME OF LATEST TRANSACTION | |
| control field | 20250716164241.0 |
| 008 - FIXED-LENGTH DATA ELEMENTS--GENERAL INFORMATION | |
| fixed length control field | 210119s1999 sp ||||gr|||| 00| 0 spa d |
| 020 ## - INTERNATIONAL STANDARD BOOK NUMBER | |
| International Standard Book Number | 9580451850 |
| 040 ## - CATALOGING SOURCE | |
| Original cataloging agency | CO-JMCR |
| Transcribing agency | CO-JMCR |
| 041 1# - LANGUAGE CODE | |
| Language code of text/sound track or separate title | spa |
| Language code of original | eng |
| 082 04 - DEWEY DECIMAL CLASSIFICATION NUMBER | |
| Classification number | J-C |
| Item number | GOEl |
| Edition number | 23 |
| 100 1# - MAIN ENTRY--PERSONAL NAME | |
| Personal name | Goethe, Johann Wlfgang, |
| Relator term | autor |
| 9 (RLIN) | 12878 |
| 245 14 - TITLE STATEMENT | |
| Title | Las penas del joven Werthe / |
| Statement of responsibility, etc. | Johann Wolfgang Von Geothe ; traducción, Juan José de Narváez, Jorge Yui |
| 250 ## - EDITION STATEMENT | |
| Edition statement | Primera edición |
| 260 ## - PUBLICATION, DISTRIBUTION, ETC. | |
| Place of publication, distribution, etc. | Barcelona : |
| Name of publisher, distributor, etc. | Norma, |
| Date of publication, distribution, etc. | 1999 |
| 300 ## - PHYSICAL DESCRIPTION | |
| Extent | 152 páginas ; |
| Dimensions | 20 cm. |
| 490 ## - SERIES STATEMENT | |
| Series statement | La maquina del tiempo |
| 520 0# - SUMMARY, ETC. | |
| Summary, etc. | La historia de Werther y su amada es la historia eterna del hombre y su imposible. Es la narración detallada de la incompatibilidad del deseo con su realización. Es, también, la exacta descripción de la juventud y del alma romántica. |
| 650 24 - SUBJECT ADDED ENTRY--TOPICAL TERM | |
| Topical term or geographic name entry element | Amor no correspondido |
| 9 (RLIN) | 12879 |
| 650 24 - SUBJECT ADDED ENTRY--TOPICAL TERM | |
| Topical term or geographic name entry element | Ficción romántica |
| 9 (RLIN) | 12880 |
| 650 24 - SUBJECT ADDED ENTRY--TOPICAL TERM | |
| Topical term or geographic name entry element | Aristocracia (clase social) |
| 9 (RLIN) | 12881 |
| 700 1# - ADDED ENTRY--PERSONAL NAME | |
| Personal name | De Narváez, Juan José, |
| Relator term | traductor |
| 9 (RLIN) | 12882 |
| 700 1# - ADDED ENTRY--PERSONAL NAME | |
| Personal name | Yui, Jorge, |
| Relator term | traductor |
| 9 (RLIN) | 12883 |
| 942 ## - ADDED ENTRY ELEMENTS (KOHA) | |
| Source of classification or shelving scheme | Dewey Decimal Classification |
| Koha item type | Books |
| Withdrawn status | Lost status | Source of classification or shelving scheme | Damaged status | Not for loan | Home library | Current library | Shelving location | Date acquired | Source of acquisition | Total Checkouts | Total Renewals | Full call number | Barcode | Date last seen | Date last checked out | Copy number | Price effective from | Koha item type |
|---|---|---|---|---|---|---|---|---|---|---|---|---|---|---|---|---|---|---|
| Dewey Decimal Classification | Biblioteca Pública José María del Castillo y Rada | Biblioteca Pública José María del Castillo y Rada | Fiction | 04/15/2018 | Donación | 3 | 2 | J-C GOEl | 201810153 | 09/02/2025 | 07/24/2025 | Ej.1 | 04/15/2018 | Books |